| 000 | 00000nam 2200000zi 4500 |
| 001 | 9.933326 |
| 003 | CaOODSP |
| 005 | 20250616155155 |
| 006 | m o d f |
| 007 | cr |n||||||||| |
| 008 | 240202e202306##oncd ob f|0| 0 fre d |
| 040 | |aCaOODSP|bfre|erda|cCaOODSP |
| 043 | |an-cn--- |
| 086 | 1 |aFR5-233/2023F-PDF |
| 245 | 02|aL'Avenir de la diplomatie : |btransformer Affaires mondiales Canada : document de travail. |
| 264 | 1|a[Ottawa] : |bAffaires mondiales Canada = Global Affairs Canada, |cjuin 2023. |
| 300 | |a1 ressource en ligne (40 pages) : |bgraphiques |
| 336 | |atexte|btxt|2rdacontent/fre |
| 337 | |ainformatique|bc|2rdamedia/fre |
| 338 | |aressource en ligne|bcr|2rdacarrier/fre |
| 500 | |aPublié aussi en anglais sous le titre : Future of diplomacy: transforming Global Affairs Canada: discussion paper. |
| 504 | |aComprend des références bibliographiques. |
| 610 | 16|aCanada. |bAffaires mondiales Canada. |
| 650 | 6|aDiplomatie|zCanada. |
| 710 | 1 |aCanada. |bAffaires mondiales Canada, |eorganisme de publication. |
| 775 | 08|tFuture of diplomacy : |w(CaOODSP)9.933111 |
| 856 | 40|qPDF|s1.23 Mo|uhttps://publications.gc.ca/collections/collection_2024/amc-gac/FR5-233-2023-fra.pdf |